LEADER 00921nam0-22002771i-450- 001 990003058860403321 005 20061204152809.0 035 $a000305886 035 $aFED01000305886 035 $a(Aleph)000305886FED01 035 $a000305886 100 $a20030910d1963----km-y0itay50------ba 101 0 $aeng 102 $aUS 200 1 $a<>economic development of Kenya$ereport of a mission organized by the International Bank for Reconstruction and Development at the Request of the Government of Kenya and the United Kingdom 210 $aBaltimore$cJohns Hopkins University Press$d1963 215 $aXV, 380 p.$d24 cm 610 0 $aKenia$aSviluppo economico 710 02$aWorld Bank$0119281 801 0$aIT$bUNINA$gRICA$2UNIMARC 901 $aBK 912 $a990003058860403321 952 $aF/1.121 WB/63$b039978 h$fSES 959 $aSES 996 $aEconomic development of Kenya$9465324 997 $aUNINA LEADER 00911cam0 2200241 450 001 E600200018896 005 20210423090030.0 100 $a20060614d1962 |||||ita|0103 ba 101 $aita 102 $aIT 200 1 $a<>autoeducazione nelle scuole elementari$eContinuazione del volume$eIl metodo della Pedagogia scientifica applicato all'educazione infantile nelle Case dei Bambini$fMaria Montessori 210 $aMilano$cGarzanti$d1962 215 $a686 p.$d21 cm 700 1$aMontessori$b, Maria$3A600200036789$4070$0160803 801 0$aIT$bUNISOB$c20210423$gRICA 850 $aUNISOB 852 $aUNISOB$j370$m11692 912 $aE600200018896 940 $aM 102 Monografia moderna SBN 941 $aM 957 $a370$b000443$gSi$d11692$racquisto$1pregresso1$2UNISOB$3UNISOB$420060614105255.0$520190510092303.0$6Spinosa 996 $aAutoeducazione nelle scuole elementari$9271058 997 $aUNISOB